Normal view
MARC view
- Hayder, Imran
Entry Personal Name
001 - CONTROL NUMBER
- control field: 29185
003 - CONTROL NUMBER IDENTIFIER
- control field: NUST
005 - DATE AND TIME OF LATEST TRANSACTION
- control field: 20200617141149.0
008 - FIXED-LENGTH DATA ELEMENTS
- fixed length control field: 200617|| aca||aabn | a|a d
040 ## - CATALOGING SOURCE
- Original cataloging agency: NUST
- Transcribing agency: NUST
100 ## - HEADING--PERSONAL NAME
- Personal name: Hayder, Imran
670 ## - SOURCE DATA FOUND
- Source citation: Work cat.: (NUST)232747: Hayder, Imran, Ciprofloxacin Degradation Using Titania Nanoparticles / , 2013.
